Loading...
| Science - Biology | 0 | 8 | 0 | 1 | 80 | 43 | 77.38 | 0 | 1 | 19.82 | 32.22 |
| Mythology | 0 | 8 | 0 | 0 | 80 | 55 | 66.13 | 1 | 6 | 32.58 | 55.56 |
| Science - Physics | 0 | 7 | 1 | 0 | 65 | 23 | 50.86 | 2 | 3 | 36.66 | 45.56 |
| Fine Arts - Classical Music | 0 | 5 | 0 | 0 | 50 | 38 | 70.80 | 1 | 1 | 19.27 | 30.00 |
| Literature - World | 0 | 5 | 1 | 1 | 45 | 54 | 83.40 | 0 | 1 | 13.72 | 20.00 |
| Science - Other | 0 | 5 | 2 | 2 | 40 | 54 | 92.20 | 0 | 2 | 10.67 | 25.56 |
| Science - Chemistry | 0 | 5 | 2 | 1 | 40 | 65 | 82.20 | 0 | 1 | 8.28 | 21.11 |
| Fine Arts - Other | 0 | 4 | 1 | 1 | 35 | 70 | 92.50 | 0 | 2 | 6.37 | 20.00 |
| Religion | 0 | 4 | 1 | 0 | 35 | 61 | 75.25 | 0 | 1 | 15.07 | 24.44 |
| History - European | 0 | 3 | 0 | 0 | 30 | 34 | 67.67 | 0 | 1 | 10.28 | 13.33 |
| Literature - European | 0 | 3 | 0 | 2 | 30 | 84 | 106.00 | 0 | 0 | 2.78 | 8.89 |
| Geography | 0 | 3 | 0 | 0 | 30 | 61 | 73.00 | 1 | 1 | 24.62 | 47.22 |
| History - Other | 0 | 3 | 0 | 0 | 30 | 46 | 61.67 | 1 | 2 | 13.63 | 22.22 |
| Literature - British | 0 | 3 | 1 | 1 | 25 | 37 | 87.67 | 1 | 1 | 8.03 | 12.22 |
| Fine Arts - Painting and Sculpture | 0 | 3 | 1 | 0 | 25 | 92 | 98.33 | 0 | 1 | 5.77 | 13.33 |
| Philosophy | 0 | 3 | 1 | 1 | 25 | 61 | 81.67 | 1 | 1 | 8.48 | 16.67 |
| Social Science | 0 | 2 | 0 | 0 | 20 | 60 | 77.00 | 0 | 0 | 8.57 | 11.11 |
| History - World | 0 | 2 | 1 | 1 | 15 | 64 | 85.00 | 0 | 0 | 3.73 | 6.67 |
| History - American | 0 | 2 | 1 | 1 | 15 | 66 | 84.00 | 0 | 1 | 3.65 | 8.89 |
| Popular Culture | 0 | 1 | 0 | 0 | 10 | 110 | 110.00 | 0 | 0 | 0.00 | 1.85 |
| Literature - American | 0 | 1 | 0 | 0 | 10 | 59 | 59.00 | 0 | 1 | 5.00 | 8.89 |
| Current Events | 0 | 0 | 1 | 0 | -5 | 0.00 | 0 | 0 | 0.00 | 0.00 |